| 000 | 00426nam a2200157 i 4500 | ||
|---|---|---|---|
| 001 | 74354 | ||
| 003 | ES-MaACL | ||
| 005 | 20230906172114.0 | ||
| 007 | t| | ||
| 008 | 040917s1918 mx ||||1| spa d | ||
| 100 | 1 |
_aGonzález Gomar, Manuel. _958675 |
|
| 245 | 1 | 0 |
_aLolos de lira / _cManuel González Gomar. |
| 260 |
_aMéxico : _b[s.n., _c1918] ( _fJosé D. Rojas) |
||
| 300 |
_a111 p. ; _c17 cm. |
||
| 852 |
_aES-MaACL _jF-4193 |
||
| 999 |
_c74354 _d74354 |
||